| 000 | 01051nas a2200337 4500 | ||
|---|---|---|---|
| 001 | BR2013001346 | ||
| 003 | BR-BrBNA | ||
| 005 | 20231205121926.0 | ||
| 007 | ta | ||
| 008 | 230509b bl.|||p| |||| 00| 00por d | ||
| 040 |
_aBR-BrBNA _bpor _cBiblioteca Nacional de Agricultura |
||
| 041 | _a(Pt) | ||
| 072 | _aQ04; E72 | ||
| 100 | 1 | _aBispo, J.L.P. | |
| 100 | 1 | _aCardoso, M. das G.C. | |
| 100 | 1 | _aDuarte, F.C. | |
| 100 | 1 | _aRodrigues, L.M.A. | |
| 100 | 1 | _aMendonça, J.G. | |
| 100 | 1 | _aSaczk, A.A. | |
| 100 | 1 | _aMagriotis, Z.M. | |
| 245 | 1 | _aCaracterísticas físico-químicas de cachaças artesanais envelhecidas e não envelhecidas produzidas e comercializadas na Bahia | |
| 650 | _aCACHAÇA | ||
| 650 | _aANÁLISE QUIMICA | ||
| 650 | _aCONTROLE DE QUALIDADE | ||
| 650 | _aANÁLISE FÍSICA | ||
| 650 | _aBAHIA | ||
| 773 | 0 |
_tMagistra (Brazil) _xISSN 0102-5333 _g(Jul-Sep 2012), v. 24(3) p. 173-180 _wBR2013001346 |
|
| 856 | 4 | 0 | _dLink DSPACE/MAPA BR2013001346 |
| 909 |
_a202311 _bLúcia _c55 _dLúcia Elande |
||
| 942 |
_2AGRIS _n0 _cANA |
||
| 999 |
_c225967 _d225967 |
||